[Event "GER-chT U10"]
[Site "Magdeburg"]
[Date "2018.12.27"]
[Round "1.3"]
[White "Dorendorf, Mika"]
[Black "Sproessig, Lionel"]
[Result "0-1"]
[WhiteElo "1166"]
[BlackElo "1013"]
[PlyCount "102"]
[EventDate "2018.12.27"]
[EventType "team-swiss"]
[EventRounds "7"]
[EventCountry "GER"]
[SourceTitle "CBM 188 Extra"]
[Source "ChessBase"]
[SourceDate "2019.02.26"]
[SourceVersion "1"]
[SourceVersionDate "2019.02.26"]
[SourceQuality "1"]
[WhiteTeam "Hamburger SK"]
[BlackTeam "Kitzscher"]
[WhiteTeamCountry "GER"]
[BlackTeamCountry "GER"]

1. e4 c5 2. Nf3 e6 3. d4 cxd4 4. Nxd4 Bc5 5. Nf3 Qb6 6. Qe2 Ne7 7. Nc3 0-0 8. g3 Bb4 9. Bg2 d5 10. 0-0 Bxc3 11. bxc3 dxe4 12. Qxe4 Nbc6 13. Ng5 Ng6 14. Nh3 Bd7 15. Be3 Qc7 16. Rfd1 Rfe8 17. Qd3 Nge5 18. Qd2 Rad8 19. Qe2 Ng6 20. Qh5 Qe5 21. Qf3 Qxc3 22. Rac1 Qa5 23. Rb1 Qc7 24. Qh5 h6 25. Be4 e5 26. Bg2 Be6 27. Rxd8 Rxd8 28. a3 Qc8 29. f3 Nd4 30. c3 Ne2+ 31. Kf2 Nxc3 32. Rc1 Nd1+ 33. Ke2 Bc4+ 34. Ke1 Nxe3 35. Rc3 Nxg2+ 36. Kf2 Rf8 37. Kxg2 Bf1+ 38. Kxf1 Qxc3 39. Nf2 Qxa3 40. Kg2 b5 41. Qh3 b4 42. Kg1 b3 43. Qf1 b2 44. Kg2 Qa1 45. Qxa1 bxa1Q 46. Kh3 Qf1+ 47. Kg4 f5+ 48. Kh5 Rf6 49. h3 Kh7 50. h4 Nf4+ 51. gxf4 g6# 0-1